Aspects historiques et théologiques du missel romain

Guardat en:
Dades bibliogràfiques
Format: Llibre
Idioma:francès
Publicat: París Centre International d'Etudes Liturgiques 2000
Matèries:
Etiquetes: Afegir etiqueta
Sense etiquetes, Sigues el primer a etiquetar aquest registre!

MARC

LEADER 00000nam a2200000 a 4500
001 UCO4490
003 CL-VaPUC
005 20210319001615.0
008 000804e20000000fr 1 fre d
082 0 4 |a 264.023  |b ASP  |2 21 
245 1 0 |a Aspects historiques et théologiques du missel romain 
260 |a París  |b Centre International d'Etudes Liturgiques  |c 2000 
300 |a 369 p 
583 |a last modification  |c 20130809 03:04:19  |k Rodrigo Vera 
650 0 0 |a Filosofía cristiana   |9 265980 
650 0 0 |a Filosofía de la religión   |9 256017 
650 0 0 |a Teología   |9 258766 
650 0 7 |a MISA ROMANA  |2 CL-VaPUC  |9 342350 
942 |c BK 
945 |a vberengu  |d 20000804 00:00:00 
546 |a En Francés 
536 |a C.I.E.L 
518 |p Colloque d'études Historiques, Théologiques et Canoniques sur le Rite Catholique Romain, 5, Versailles, 11 au 13 novembre 1999 
999 |c 383577  |d 383575 
952 |0 0  |1 0  |4 0  |6 264_023000000000000_ASP_2000  |7 0  |8 A  |9 505739  |a BIBTEO  |b BIBTEO  |d 2020-01-23  |i 3639177  |o 264.023 ASP 2000  |p 3639177  |r 2025-01-17  |w 2020-01-23  |y BK  |k ICR